[Event "Bad Woerishofen op"]
[Site "Bad Woerishofen"]
[Date "2001.??.??"]
[Round "3"]
[White "Duckstein, Torsten"]
[Black "Engels, Marco"]
[Result "1-0"]
[WhiteElo "1865"]
[BlackElo "2158"]
[Annotator "ChessOrg"]
[PlyCount "97"]
[EventDate "1998.03.05"]
[Source "ChessBase"]
[SourceDate "1998.04.29"]

1. d4 {A46: Damenbauernspiele} 1... e6 2. Nf3 Nf6 3. Bf4 c5 4. c3 b6 5. e3 Be7
6. Nbd2 O-O 7. Bd3 7... Ba6 {letzter Buchzug} 8. Bxa6 Nxa6 9. h3 Qc8 10. O-O
Qb7 11. Qe2 Rac8 12. a4 Nb8 13. Rfe1 d6 14. Bh2 Rfd8 15. Qf1 Nbd7 16. e4 cxd4
17. Nxd4 e5 (17... Nc5 18. Qe2 $15) 18. Nf5 Bf8 19. f3 (19. c4 g6 20. Nh4 20...
Bh6 $14) 19... Nc5 (19... d5 20. exd5 Bc5+ 21. Kh1 Qxd5 22. Nc4 $11) 20. Kh1 g6
21. Ne3 Kh8 22. Qe2 (22. b4 22... Ne6 $14) 22... Bh6 $11 23. Ndf1 Qc6 24. Qd1
Re8 25. Ng4 (25. b4 Ncd7 26. c4 26... a5 $14) 25... Bg7 (25... Nxg4 $5 26. hxg4
26... a6 $11) 26. Nxf6 $14 26... Bxf6 27. Ne3 Bg7 28. Nd5 f5 29. Nb4 Qd7 30.
Nd3 (30. a5 bxa5 31. Rxa5 fxe4 32. fxe4 32... Qe7 $14) 30... Qe6 31. Nxc5 Rxc5
32. Bg1 Rc4 (32... Rc7 33. a5 $14) 33. Qd3 (33. a5 fxe4 34. fxe4 bxa5 35. Rxa5
35... Rc7 $16) 33... fxe4 $14 34. Rxe4 Rxe4 35. fxe4 Rd8 36. a5 36... d5 $2 (
36... Qb3 $16 $142) 37. axb6 $18 37... axb6 38. exd5 Qe7 39. Qe4 (39. Bxb6
39... Rf8 $18) 39... Qd6 40. Ra6 Bh6 41. c4 (41. Bxb6 $6 41... Qxd5 42. Qxd5
42... Rxd5 $16) 41... Bf4 (41... Rb8 $18) 42. Rxb6 Qd7 43. Bd4 exd4 (43... Qf5
44. Qxf5 gxf5 45. Bf2 $18) 44. Qxd4+ Kg8 45. Qxf4 Rf8 (45... Qa7 46. c5 $18)
46. Rb8 Rxb8 47. Qxb8+ Kg7 (47... Kf7 48. Qh8 Qf5 49. Qxh7+ Kf8 50. Qh8+ Ke7
51. Qd4 $18) 48. Qe5+ Kh6 (48... Kf7 49. c5 $18) 49. c5 (49. c5 Qb7 50. c6 $18)
1-0

[Event "Bad Woerishofen op"]
[Site "Bad Woerishofen"]
[Date "2001.??.??"]
[Round "5"]
[White "Duckstein, Torsten"]
[Black "Damm, Fabian"]
[Result "0-1"]
[WhiteElo "1865"]
[BlackElo "2144"]
[Annotator "ChessOrg"]
[PlyCount "60"]
[EventDate "1998.03.05"]
[Source "ChessBase"]
[SourceDate "1998.04.29"]

1. d4 {D02: Damenbauernspiele} 1... Nf6 2. Nf3 e6 3. Bf4 d5 4. e3 c5 5. c3 Nc6
6. Nbd2 Be7 7. Bd3 7... a6 {letzter Buchzug} 8. a4 Qb6 9. Rb1 Nd7 10. O-O Nf8 (
10... O-O 11. Qc2 f5 12. b3 $14) 11. Re1 Ng6 12. Bg3 O-O 13. h4 c4 14. Bc2 Qd8
15. h5 Nh4 16. Nxh4 Bxh4 17. Qg4 Bxg3 (17... Bg5 18. Qf3 $11) 18. Qxg3 $14 (18.
fxg3 $143 18... e5 19. Qh4 Qxh4 20. gxh4 20... Rd8 $15) 18... h6 19. e4 b5 20.
b3 cxb3 21. Bxb3 Na5 22. axb5 axb5 23. exd5 Nxb3 24. Nxb3 Qxd5 25. Re5 Qc4 26.
Nc5 Ra3 27. Ne4 Ba6 28. Nf6+ (28. Rc5 $5 28... Qa2 29. Re1 $11) 28... Kh8 $15
29. Nd7 Rd8 30. Nb6 $2 (30. Nc5 $142 30... Rxd4 31. Nxa6 $15) 30... Qc6 $19 (
30... Qc6 31. Qf3 Qxf3 (31... Qxb6 32. Qxf7 Rxc3 33. Rxe6 $11) 32. gxf3 32...
Rd6 $19) (30... Qxc3 $6 31. Re3 Qc2 32. Rxa3 Qxb1+ 33. Kh2 $15) 0-1

[Event "Bad Woerishofen op"]
[Site "Bad Woerishofen"]
[Date "2001.??.??"]
[Round "7"]
[White "Duckstein, Torsten"]
[Black "Campe, Herbert"]
[Result "1-0"]
[WhiteElo "1865"]
[BlackElo "1716"]
[Annotator "ChessOrg"]
[PlyCount "123"]
[EventDate "1998.03.05"]
[Source "ChessBase"]
[SourceDate "1998.04.29"]

1. d4 {A48: Koenigsindisch (ohne c2-c4)} 1... Nf6 2. Nf3 g6 3. Bf4 d6 4. h3 Bg7
5. e3 O-O 6. Bc4 c5 7. c3 d5 8. Bd3 8... c4 {letzter Buchzug} 9. Bc2 Nc6 10.
Nbd2 b5 (10... Qb6 11. Rb1 $11) 11. e4 dxe4 12. Nxe4 Nxe4 (12... Nd5 13. Qd2
$11) 13. Bxe4 $14 13... Bb7 14. O-O Na5 15. Qe2 Qd7 16. Rfe1 Rfe8 17. Rad1 Bxe4
18. Qxe4 Nb7 (18... e6 19. Qe3 $14) 19. Ne5 $16 19... Bxe5 (19... Qc8 20. Qd5
Bxe5 21. Qxe5 $14 (21. dxe5 $6 21... Nc5 $11)) 20. dxe5 Qc8 21. Be3 Nd8 22. Qd5
(22. Rd5 22... Qb7 $16) 22... Qc6 23. Qd7 Qxd7 24. Rxd7 Nc6 25. f4 a6 26. Red1
Red8 27. Bc5 e6 28. R7d6 Rxd6 29. exd6 Rd8 30. Kf2 Rd7 31. b3 cxb3 32. axb3 a5
33. Ke3 f6 34. g4 Kf7 35. h4 Ne7 36. Ra1 Nd5+ 37. Kf3 Nxc3 38. Rxa5 e5 39. fxe5
fxe5 40. Bb4 (40. Ke3 $5 $14) 40... Nd5 $11 41. Rxb5 Ke6 42. Ba3 (42. g5 Rf7+
43. Ke2 Nxb4 44. Rxb4 44... Kxd6 $11) 42... Rf7+ $11 43. Kg2 e4 44. Rb8 e3 (
44... Ne3+ $5 45. Kg1 Rf1+ 46. Kh2 Nxg4+ 47. Kg3 47... Nf6 $11) 45. Re8+ Kd7
46. Re5 e2 (46... Kc6 $5 $14) 47. Kg3 $16 47... Nf4 48. Re4 h6 49. Re5 (49. Bc1
$5 $142 49... Nd3 50. Bd2 $16) 49... g5 $11 50. hxg5 hxg5 51. Re4 Rh7 52. Kf2 (
52. Bb4 Rh3+ 53. Kf2 53... Rh1 $11 (53... Rxb3 $143 54. Re7+ Kc6 55. Rc7+ Kb5
56. Bc3 $18)) 52... Rh2+ $15 53. Kf3 (53. Kg1 $5 $142 53... Rg2+ 54. Kh1 $15)
53... Rh3+ $19 54. Kf2 Rh2+ (54... Rxb3 $5 55. Re7+ 55... Kd8 $15) 55. Kf3 $11
55... Rh1 56. Bb4 Rh3+ 57. Kf2 57... Rxb3 $4 (57... Rh2+ $142 58. Ke3 Rh3+ 59.
Kf2 Rh2+ (59... Rxb3 $143 60. Re7+ Kc6 61. Rc7+ Kb5 62. Bc3 $18) 60. Ke3 Rh3+
61. Kf2 $11) 58. Re7+ $18 58... Kc8 $4 (58... Kc6 $142 59. Rc7+ 59... Kd5 $18)
59. d7+ Kd8 60. Ba5+ Kxe7 61. d8=Q+ Ke6 (61... Kf7 62. Qd7+ Kg6 63. Qf5+ Kg7
64. Qxg5+ 64... Ng6 $18) 62. Qg8+ (62. Qg8+ Kd6 63. Qxb3 $18) 1-0

[Event "Bad Woerishofen op"]
[Site "Bad Woerishofen"]
[Date "2001.??.??"]
[Round "9"]
[White "Duckstein, Torsten"]
[Black "Hohner, Karl-Heinz"]
[Result "0-1"]
[WhiteElo "1865"]
[BlackElo "2059"]
[Annotator "ChessOrg"]
[PlyCount "98"]
[EventDate "1998.03.05"]
[Source "ChessBase"]
[SourceDate "1998.04.29"]

1. d4 {A43: Alt-Benoni} 1... Nf6 2. Nf3 c5 3. d5 b5 4. Bg5 Bb7 5. Bxf6 exf6 6.
e4 6... Qb6 {letzter Buchzug} 7. Be2 c4 (7... Be7 8. Nh4 $11) 8. O-O $14 8...
Bc5 9. b3 (9. a4 9... a6 $14) 9... cxb3 $11 10. cxb3 O-O 11. a4 b4 12. Nbd2 d6
13. Nc4 (13. Nh4 13... Qc7 $14) 13... Qc7 14. Re1 Re8 15. Bf1 Nd7 16. Nd4 Ne5
17. Nf5 g6 18. Nh6+ Kg7 19. Ng4 (19. Qd2 19... Rac8 $14) 19... Nxc4 20. Qc1 (
20. bxc4 $143 20... h5 21. Ne3 21... Rxe4 $19) 20... g5 21. Qxc4 (21. bxc4 $143
21... Bd4 22. Rb1 22... Bc3 $17) 21... Qe7 22. Bd3 (22. Qd3 22... Rac8 $14)
22... Rac8 (22... Rec8 $5 $142 23. Qb5 23... a5 $15) 23. Qb5 $11 23... a6 24.
Qa5 Kh8 25. Ne3 (25. Nh6 $5 $14) 25... Qe5 $11 26. Rad1 (26. Bxa6 Bxe3 27. fxe3
Ra8 28. Qxb4 28... Bxa6 $17) 26... Qc3 27. Nf5 Qxb3 (27... Rb8 28. Bxa6 Ra8 29.
Qxc5 dxc5 30. Bxb7 30... Rad8 $17) 28. Bxa6 $14 28... Ra8 (28... Qc2 29. Nxd6
Qxf2+ 30. Kh1 30... Bxd6 $19) 29. Qc7 $16 29... Bxd5 30. exd5 (30. Rxd5 Qc3 31.
Rxc5 dxc5 32. Qxf7 32... Rg8 $18) 30... Rxe1+ (30... Qc2 $5 $142 31. Nd4 Rxe1+
32. Rxe1 32... Qc3 $11) 31. Rxe1 $16 31... Qc2 32. Ne3 Qc3 33. Rd1 Bxe3 34.
Qxc3 $4 (34. Qxf7 $142 34... Bd2 35. g3 $16) 34... bxc3 $15 35. fxe3 Rxa6 36.
Rc1 Rxa4 37. Rxc3 Ra1+ (37... Ra5 38. e4 $17) 38. Kf2 $15 38... Rd1 39. e4 f5
40. Rc6 (40. Ke2 $5 40... Rd4 41. Rc6 $15) 40... fxe4 $17 41. Rxd6 Rd3 42. Ke2
Kg7 43. Rd7 Kf6 44. Rd6+ Ke5 45. Rh6 f5 46. Rxh7 Rxd5 (46... Kxd5 $6 47. Rh5
$15) 47. h4 gxh4 48. Rxh4 Kd4 49. Kd2 Ra5 (49... Ra5 50. Ke2 Ra2+ 51. Kf1 51...
Kd3 $19) 0-1

[Event "Bad Woerishofen op"]
[Site "?"]
[Date "2001.??.??"]
[Round "1"]
[White "Doettling, Fabian"]
[Black "Hohner, Karl-Heinz"]
[Result "1-0"]
[WhiteElo "2509"]
[BlackElo "2059"]
[Annotator "ChessOrg"]
[PlyCount "111"]
[EventDate "2000.??.??"]

1. d4 {E14: Damenindisch (Zentralsystem)} 1... e6 2. Nf3 Nf6 3. c4 b6 4. e3 Bb7
5. Bd3 d5 6. O-O Nbd7 7. Nc3 a6 8. cxd5 exd5 9. b3 Bd6 10. Bb2 O-O 11. Qc2
11... Re8 {letzter Buchzug} 12. Rac1 Rc8 13. Bf5 g6 14. Bh3 c5 15. dxc5 bxc5
16. Qd3 Qe7 17. Na4 Rcd8 18. Bxd7 (18. Qc3 d4 19. exd4 19... Ne4 $14) 18...
Nxd7 $11 19. Qc3 d4 (19... f6 $5 $11 $142) 20. exd4 $16 20... Bxf3 21. Qxf3 (
21. dxc5 $142 21... Be5 22. Qxf3 Bxb2 23. Nxb2 Nxc5 24. Qe3 Qxe3 25. fxe3 $16)
21... cxd4 $15 22. Rcd1 (22. Bxd4 $2 22... Qh4 23. Qh3 23... Qxd4 $19) 22...
Qh4 (22... Ne5 23. Qh3 Nc6 24. Nb6 $15 (24. Bxd4 $2 24... Nxd4 25. Rxd4 Bxh2+
26. Qxh2 26... Rxd4 $19)) 23. Qh3 Qxh3 24. gxh3 Ne5 25. Bxd4 Nf3+ 26. Kg2 Nxd4
(26... Nxh2 $143 27. Rh1 Bb8 28. Nc5 $16 (28. Rxh2 $143 28... Bxh2 29. Kxh2
29... Re4 $17)) 27. Rxd4 Be5 28. Rxd8 Rxd8 29. Re1 Bf6 30. Re2 Rd5 31. Rc2 Kg7
32. Nc5 a5 33. Ne4 Be7 34. Rd2 Re5 35. Kf3 Bb4 36. Rd7 Rf5+ 37. Kg3 h6 38. Nd6
Rg5+ 39. Kf3 Kg8 40. Rd8+ Kg7 41. h4 Rc5 42. Rd7 Rc3+ 43. Kg2 Rc2 44. Rxf7+ Kg8
45. Rf6 Kg7 46. Ne8+ Kh7 47. a4 Rc8 48. Re6 Rc3 49. Re3 Rc6 50. Rf3 Rc2 51.
Nf6+ Kg7 52. h5 g5 53. Ng4 Rb2 54. Rd3 Bc5 55. Kf3 55... Bf8 $2 (55... Bb4 $18
$142) 56. Rd7+ (56. Rd7+ Kh8 57. Nf6 $18) 1-0

[Event "Bad Woerishofen op"]
[Site "Bad Woerishofen"]
[Date "2001.??.??"]
[Round "3"]
[White "Doettling, Fabian"]
[Black "Mukic, Joschko"]
[Result "1-0"]
[WhiteElo "2509"]
[BlackElo "2263"]
[Annotator "ChessOrg"]
[PlyCount "83"]
[EventDate "1998.03.05"]
[Source "ChessBase"]
[SourceDate "1998.04.29"]

1. d4 {E94: Koenigsindisch (Klassisches System)} 1... Nf6 2. Nf3 g6 3. c4 Bg7
4. Nc3 O-O 5. e4 d6 6. Be2 e5 7. O-O exd4 8. Nxd4 Re8 9. f3 Nh5 10. Be3 f5 11.
Qd2 f4 12. Bf2 Be5 13. Rfd1 Qf6 14. Nb3 Na6 15. c5 Nxc5 16. Nxc5 dxc5 17. Bc4+
{letzter Buchzug} 17... Be6 18. Bxe6+ Qxe6 19. Bxc5 c6 20. Ne2 b6 21. Bd4 Rad8
22. Qc3 Bb8 23. b4 Rc8 24. Qc2 c5 (24... Bd6 $5 $11) 25. bxc5 $16 25... bxc5
26. Bb2 (26. Bxc5 Bd6 27. Rd5 27... Bf8 $16) 26... Be5 27. Bxe5 Qxe5 28. Qc4+
Kh8 29. Rac1 Nf6 30. Nc3 g5 31. Nb5 Rcd8 (31... Re7 $5 $16 $142) 32. Nxa7 $18
32... Rxd1+ 33. Rxd1 g4 34. Nc6 Qg5 (34... Qb2 35. Qb3 35... Qe2 $14) 35. Nd8
$18 35... Qg6 36. Nf7+ Kg7 37. Nd6 Rb8 (37... Re5 38. Nf5+ Rxf5 39. exf5 Qxf5
40. fxg4 $18) 38. e5 (38. fxg4 Nxg4 39. Qxc5 Kh8 40. Qc3+ Qg7 41. Nf7+ Kg8 42.
Rd8+ Rxd8 43. Qxg7+ Kxg7 44. Nxd8 44... Kf6 $18) 38... Nh5 39. fxg4 Qxg4 40.
Rf1 Rb2 (40... Rf8 $18) 41. Qf7+ Kh6 42. Nf5+ (42. Nf5+ Kg5 43. h4+ Qxh4 44.
Nxh4 Kxh4 45. e6 $18) 1-0

[Event "Bad Woerishofen op"]
[Site "Bad Woerishofen"]
[Date "2001.??.??"]
[Round "5"]
[White "Doettling, Fabian"]
[Black "Erenska, Hanna"]
[Result "1/2-1/2"]
[WhiteElo "2509"]
[BlackElo "2256"]
[Annotator "ChessOrg"]
[PlyCount "28"]
[EventDate "1998.03.05"]
[Source "ChessBase"]
[SourceDate "1998.04.29"]

1. d4 {A81: Hollaendische Verteidigung (Leningrader Variante)} 1... f5 2. g3 g6
3. Bg2 Bg7 4. Nf3 Nf6 5. O-O O-O 6. b3 d6 7. Bb2 Ne4 8. Nfd2 {letzter Buchzug}
8... Nxd2 9. Nxd2 c5 10. Nc4 d5 11. Ne5 Nc6 12. f4 cxd4 13. Nxc6 bxc6 14. Bxd4
e5 1/2-1/2

[Event "Bad Woerishofen op"]
[Site "Bad Woerishofen"]
[Date "2001.??.??"]
[Round "7"]
[White "Doettling, Fabian"]
[Black "Schramm, Christian"]
[Result "1-0"]
[WhiteElo "2509"]
[BlackElo "2349"]
[Annotator "ChessOrg"]
[PlyCount "71"]
[EventDate "1998.03.05"]
[Source "ChessBase"]
[SourceDate "1998.04.29"]

1. d4 {A43: Alt-Benoni} 1... Nf6 2. Nf3 c5 3. d5 b5 4. Bg5 Qb6 5. Bxf6 5...
gxf6 {letzter Buchzug} 6. e4 Bg7 7. c3 d6 8. a4 bxa4 9. Qxa4+ Bd7 10. Qc2 O-O
11. Nbd2 Bh6 12. Nc4 Qc7 13. Bd3 Kh8 14. O-O Bc8 15. Nfd2 Bb7 (15... Rg8 16. f4
$14) 16. f4 f5 17. Ne3 e6 18. Rae1 Nd7 (18... fxe4 $5 19. Bxe4 19... Nd7 $14)
19. dxe6 $16 19... fxe6 20. exf5 e5 21. fxe5 Nxe5 22. Be4 Rab8 (22... Bxe3+ 23.
Rxe3 d5 24. Bf3 $16) 23. c4 $18 23... Bg7 (23... Bc8 24. b3 $18) 24. b3 Qd8 25.
Bxb7 Rxb7 26. Nd5 Nc6 27. Nf3 Rbf7 28. g4 h5 29. h3 Nd4 30. Qe4 Nxf3+ 31. Rxf3
Be5 32. Nf4 Re8 (32... Bxf4 33. Qxf4 Qf6 34. Re2 $18) 33. Kg2 hxg4 34. hxg4
34... Rh7 $6 (34... Kg8 $18) 35. Ng6+ Kg8 36. Qd5+ (36. Qd5+ Rf7 37. Nxe5 dxe5
38. Rxe5 $18 (38. Qxc5 $6 38... Qd2+ 39. Qf2 39... Rd7 $18)) (36. Nxe5 Rxe5 37.
f6 Rxe4 38. Rxe4 38... Kf8 $19) 1-0

[Event "Bad Woerishofen op"]
[Site "Bad Woerishofen"]
[Date "2001.??.??"]
[Round "9"]
[White "Doettling, Fabian"]
[Black "Farago, Ivan"]
[Result "1/2-1/2"]
[WhiteElo "2509"]
[BlackElo "2453"]
[Annotator "ChessOrg"]
[PlyCount "22"]
[EventDate "1998.03.05"]
[Source "ChessBase"]
[SourceDate "1998.04.29"]

1. d4 {E14: Damenindisch (Zentralsystem)} 1... Nf6 2. Nf3 e6 3. c4 b6 4. e3 Bb7
5. Bd3 d5 6. O-O Nbd7 7. Nc3 Bd6 8. Qe2 O-O 9. e4 dxe4 10. Nxe4 Nxe4 11. Bxe4
11... Bxe4 {letzter Buchzug} 1/2-1/2

[Event "Bad Woerishofen op"]
[Site "Bad Woerishofen"]
[Date "2001.??.??"]
[Round "2"]
[White "Eisenbeis, Norman"]
[Black "Pirrot, Dieter"]
[Result "0-1"]
[WhiteElo "2162"]
[BlackElo "2445"]
[Annotator "ChessOrg"]
[PlyCount "74"]
[EventDate "1998.03.05"]
[Source "ChessBase"]
[SourceDate "1998.04.29"]

1. d4 {D07: Damengambit (Tschigorin-Verteidigung)} 1... d5 2. c4 Nc6 3. Nf3 Bg4
4. cxd5 Bxf3 5. dxc6 Bxc6 6. Nc3 e6 7. e4 Bb4 8. f3 Qh4+ 9. g3 Qh5 10. Bc4 {
letzter Buchzug} 10... O-O-O 11. Be3 Bc5 12. Kf2 Nf6 13. Rc1 Bxd4 14. Bxd4 e5
15. Ne2 (15. Nd5 Bxd5 (15... exd4 $143 16. Ne7+ (16. Qxd4 $143 16... Nxd5 17.
Bxd5 17... Bxd5 $15) 16... Kb8 17. Nxc6+ bxc6 18. Qb3+ Ka8 19. Bxf7 $14) 16.
exd5 exd4 17. Qxd4 17... Kb8 $11 (17... Nxd5 18. Qxa7 (18. Qxg7 $6 18... Rhe8
$11) 18... Nb6 19. Be2 $11)) 15... exd4 16. Nf4 Qh6 17. Bxf7 g5 18. Nd3 Ng4+ (
18... g4 $5 $142 19. Rxc6 19... bxc6 $17) 19. Ke2 Rhf8 (19... Ne3 $5 $142 20.
Qb3 20... Kb8 $11) 20. Qb3 $16 20... Rd6 21. h3 (21. fxg4 $5 $142 21... Bxe4
22. Nc5 d3+ 23. Ke3 Bxh1 24. Rxh1 $14) 21... Qf6 22. hxg4 Rxf7 23. Rhf1 Qe7 (
23... Re7 24. Rxc6 Rxc6 25. Qg8+ Kd7 26. Qd5+ Ke8 27. Qg8+ Qf8 28. Qxg5 $15)
24. Kd2 (24. e5 $5 $11 $142) 24... Rdf6 $17 25. Rc5 (25. Rc4 $5 $17 $142) 25...
Rxf3 $19 26. Rxf3 Rxf3 27. Qg8+ Rf8 28. Qxg5 Qxe4 29. Re5 Qg2+ 30. Re2 Qxg3 31.
Qc5 Rf3 32. Ne5 $4 (32. Qxd4 Rxd3+ 33. Qxd3 Qxd3+ 34. Kxd3 Bb5+ 35. Ke3 Bxe2
36. Kxe2 $17) 32... Qf4+ 33. Kc2 Be4+ 34. Kd1 d3 (34... Rf1+ $5 $142 35. Re1
Bf3+ 36. Nxf3 Qxf3+ 37. Kd2 Qf2+ 38. Kd3 Rxe1 39. Qf5+ Qxf5+ 40. gxf5 $19) 35.
Re1 (35. Nxf3 Bxf3 36. Qf5+ Qxf5 37. gxf5 dxe2+ 38. Ke1 38... Kd7 $19) 35... d2
(35... Rf1 $142 36. Nxd3 36... Bxd3 $19) 36. Nxf3 Bxf3+ (36... dxe1=Q+ $6 37.
Nxe1 Qxg4+ 38. Kd2 Qf4+ 39. Qe3 Qxe3+ 40. Kxe3 $19) (36... Qxf3+ $6 37. Kxd2
Qd3+ 38. Kc1 Qb1+ 39. Kd2 Qxb2+ 40. Ke3 $11) 37. Re2 Bxg4 (37... Bxg4 38. Qe7
Qd4 (38... Bxe2+ $143 39. Qxe2 c6 40. Qe6+ Kc7 41. Qe7+ Kb6 42. Qd8+ Kb5 43.
Qd3+ Qc4 44. Kxd2 $19) 39. Qf8+ 39... Qd8 $19) (37... Bxe2+ $6 38. Kxe2 b6 39.
Qf5+ Qxf5 40. gxf5 $19) 0-1

[Event "Bad Woerishofen op"]
[Site "Bad Woerishofen"]
[Date "2001.??.??"]
[Round "4"]
[White "Eisenbeis, Norman"]
[Black "Graf, Christian"]
[Result "1/2-1/2"]
[WhiteElo "2162"]
[BlackElo "2291"]
[Annotator "ChessOrg"]
[PlyCount "116"]
[EventDate "1998.03.05"]
[Source "ChessBase"]
[SourceDate "1998.04.29"]

1. d4 {D12: Damengambit (Slawische Verteidigung)} 1... d5 2. c4 c6 3. e3 Nf6 4.
Nc3 Bf5 5. Nf3 e6 6. Be2 h6 7. O-O Nbd7 8. Re1 {letzter Buchzug} 8... Be7 9.
Bd3 Bxd3 10. Qxd3 O-O 11. e4 dxe4 12. Nxe4 Nxe4 13. Qxe4 (13. Rxe4 $143 13...
Nc5 14. Qe3 Nxe4 15. Qxe4 15... Qa5 $17) 13... Nf6 14. Qe2 Re8 15. Bd2 Qb6 16.
Bc3 Bb4 17. Rac1 Bxc3 18. Rxc3 Qa5 19. Ne5 c5 (19... Qxa2 $4 20. Ra3 Qxa3 21.
bxa3 $18) 20. dxc5 Qxc5 (20... Qxa2 $4 21. Ra3 Qxa3 22. bxa3 $18) 21. Rb3 Qc7
22. Qe3 Rad8 23. g4 (23. h3 23... b6 $11) 23... b6 (23... Nd7 24. Nxd7 Rxd7 25.
Rc3 $15) 24. Qf3 (24. g5 hxg5 25. Qxg5 25... Nh7 $14) 24... Rd2 25. h4 Nh7 (
25... Red8 $5 $15 $142) 26. c5 $14 26... Rd5 (26... bxc5 $4 27. Rb7 Rc8 28.
Rxc7 Rxc7 29. Rd1 $18) 27. cxb6 axb6 28. Rc3 Rc5 29. Rxc5 bxc5 30. a4 Nf6 31.
g5 hxg5 32. hxg5 Nd5 33. g6 fxg6 34. Qg4 (34. Nxg6 34... Nf6 $14) 34... Nf6 35.
Qxg6 Rd8 (35... Rb8 $5 $11) 36. Ng4 $16 36... Nxg4 37. Qxe6+ Qf7 38. Qxg4 Rd6 (
38... Rd2 $5 39. Qc8+ Kh7 40. Qh3+ 40... Kg8 $14) 39. Qe4 $16 39... Rg6+ 40.
Kf1 Rb6 41. Rd1 Rb8 42. Rd5 Rf8 43. Rd2 Re8 44. Qd5 Qxd5 45. Rxd5 Rb8 (45...
Ra8 $5 $16) 46. Rxc5 $18 46... Rxb2 47. Kg2 Ra2 48. a5 Kf7 49. Kg3 g6 50. f4
Kg7 51. Kg4 Kf7 52. Rc7+ Kf6 53. Rc6+ Kf7 54. a6 Ra3 55. Rc7+ Kf6 (55... Ke6
56. Rg7 $18) 56. a7 (56. Ra7 $5 $142 56... Re3 $18) 56... Ra1 (56... Ra4 57.
Kf3 $16) 57. Kf3 (57. Rb7 57... Ra4 $18) 57... Ra4 58. Rh7 Kf5 1/2-1/2

[Event "Bad Woerishofen op"]
[Site "Bad Woerishofen"]
[Date "2001.??.??"]
[Round "6"]
[White "Eisenbeis, Norman"]
[Black "Porubszki, Georg"]
[Result "0-1"]
[WhiteElo "2162"]
[BlackElo "1908"]
[Annotator "ChessOrg"]
[PlyCount "92"]
[EventDate "1998.03.05"]
[Source "ChessBase"]
[SourceDate "1998.04.29"]

1. d4 {A84: Hollaendische Verteidigung} 1... d5 2. c4 e6 3. Nc3 f5 4. g3 Nf6 5.
Bg2 c6 6. Nf3 6... Ne4 {letzter Buchzug} 7. Nxe4 (7. Qb3 7... Nd7 $14) 7...
fxe4 8. Ne5 Bb4+ 9. Bd2 Bxd2+ 10. Qxd2 O-O 11. O-O Nd7 12. f3 (12. Ng4 Nb6 13.
Ne3 13... Qg5 $14) 12... Nxe5 13. dxe5 Qb6+ 14. Kh1 exf3 (14... e3 15. Qc2 $11)
15. Bxf3 (15. Rxf3 15... Bd7 $14 (15... dxc4 $4 16. Rxf8+ Kxf8 17. Rf1+ Kg8 18.
Qf4 Qg1+ 19. Kxg1 h5 20. Qf8+ Kh7 21. Rf7 c3 22. Qxg7#)) 15... Bd7 16. Rad1
Rad8 17. Bg4 Qc5 (17... dxc4 $4 18. Rxf8+ Rxf8 19. Qxd7 $18) 18. cxd5 cxd5 19.
Bf3 Bc6 20. Rc1 Qb5 21. Qd4 Qa4 22. b4 (22. Qxa4 Bxa4 23. b3 23... Bd7 $11)
22... a6 (22... Qxa2 $5 23. Bg4 Rxf1+ 24. Rxf1 Qc4 25. Bxe6+ Kh8 26. Qxc4 dxc4+
27. Kg1 27... Bb5 $11) 23. Bg4 $11 23... Bd7 24. Qd2 (24. Qb6 Qxa2 25. Bxe6+
Bxe6 26. Qxe6+ Kh8 27. Rxf8+ 27... Rxf8 $11) 24... Rxf1+ (24... a5 25. a3 $11)
25. Rxf1 d4 (25... Rf8 26. Rxf8+ Kxf8 27. h3 $11) 26. Qg5 (26. Qxd4 Qxa2 27. e4
27... b5 $16) 26... Rf8 (26... Re8 27. Bh5 h6 28. Qf4 $14) 27. Rxf8+ Kxf8 28.
Qf4+ (28. Qd8+ $5 28... Kf7 29. Bh5+ g6 30. Bf3 $16) 28... Kg8 29. Qxd4 Bc6+
30. Bf3 Qxa2 31. Bxc6 bxc6 32. Qd8+ Kf7 33. Qd7+ Kg6 34. Qxc6 Qd5+ 35. Qxd5
exd5 36. Kg2 Kf5 37. Kf3 Kxe5 38. e3 d4 39. e4 $2 (39. g4 $19) 39... h5 40. h3
d3 (40... g5 41. h4 g4+ 42. Kf2 Kxe4 43. Ke2 $19) 41. Ke3 d2 42. Kxd2 Kxe4 43.
Ke2 g5 44. Kf2 Kd4 45. Kf3 Kc4 46. g4 (46. Ke4 Kxb4 47. Kf5 47... g4 $19) 46...
h4 (46... h4 47. Ke4 47... Kxb4 $19) 0-1

[Event "Bad Woerishofen op"]
[Site "Bad Woerishofen"]
[Date "2001.??.??"]
[Round "8"]
[White "Eisenbeis, Norman"]
[Black "Gerhards, Walter"]
[Result "0-1"]
[WhiteElo "2162"]
[BlackElo "1900"]
[Annotator "ChessOrg"]
[PlyCount "74"]
[EventDate "1998.03.05"]
[Source "ChessBase"]
[SourceDate "1998.04.29"]

1. d4 {A52: Budapester Gambit (Hauptvariante)} 1... Nf6 2. c4 e5 3. dxe5 Ng4 4.
Bf4 g5 5. Bd2 Nxe5 6. Qc1 {letzter Buchzug} 6... Be7 (6... h6 7. e4 $11) 7. Bc3
Nbc6 8. Nd2 d6 9. Ngf3 Bf5 10. e4 Bg6 11. h4 (11. c5 $5 $11) 11... gxh4 $15 12.
c5 O-O (12... Bf6 13. cxd6 cxd6 14. Qd1 $15) 13. Nxe5 (13. cxd6 cxd6 14. Qd1
Nxf3+ 15. Qxf3 15... Bg5 $15) 13... dxe5 $15 (13... Nxe5 $143 14. Qc2 $11) 14.
b4 Nd4 15. Qb2 a5 16. bxa5 Bxc5 17. Rc1 Qf6 (17... b6 $15 $142) 18. Bb4 $4 (18.
Qxb7 Nc2+ 19. Kd1 19... Nd4 $14) 18... Bxb4 (18... Nc2+ $1 $142 19. Kd1 Bxb4 (
19... Nxb4 20. Rxc5 b6 21. Rxc7 (21. Qxe5 $143 21... Qxf2 22. Rb5 22... Rfd8
$19 (22... Nxa2 $143 23. Qb2 $17)) 21... bxa5 22. a3 $15) 20. Rxc2 20... Bxa5
$19) 19. Qxb4 $15 19... c6 20. Bd3 Qf4 21. Rh3 (21. Qe7 Rfe8 (21... Rxa5 $4 22.
Rxh4 Qxh4 23. Qxh4 $18) 22. Qc5 22... Red8 $15) 21... Rfd8 (21... f5 22. Bc4+
Kh8 23. Qb2 $19) 22. Rb1 (22. Qe7 Re8 23. Qc7 23... Qg5 $15) 22... Rd7 $17 23.
Qc3 Rad8 24. Re3 (24. Rb2 Bh5 25. Re3 25... Qg4 $19) 24... Bh5 25. Nc4 (25. Rb2
Qg4 26. Kf1 Nf5 27. exf5 Rxd3 28. Qxe5 Rxd2 29. Rxd2 29... Rxd2 $19) 25... f6 (
25... Qh2 26. Bf1 Ne6 27. Nb2 $19) 26. Rh3 $2 (26. Nb6 Rg7 27. Bf1 h3 28. Bc4+
28... Kh8 $19) 26... Nb5 (26... Nf3+ $142 27. Rxf3 27... Bxf3 $19) 27. Qb3 Kh8
28. Re3 (28. Kf1 $19 $142) 28... Nd4 29. Qc3 (29. Qb2 Ne6 30. a6 30... bxa6 $19
(30... Rxd3 31. Rxd3 Qxe4+ 32. Ne3 Qxd3 33. Qc2 Qxa6 34. Qc4 $19)) 29... Qg4 (
29... Rg7 30. Kf1 $19) 30. Kf1 Rg7 31. g3 (31. Ke1 Qxg2 32. Bf1 Nf3+ 33. Rxf3
Qxf3 34. Qxf3 34... Bxf3 $19) 31... Qh3+ 32. Ke1 hxg3 33. Rxg3 (33. fxg3 Rxg3
34. Rxg3 Qxg3+ 35. Kd2 Qf4+ 36. Ne3 Qf2+ 37. Kc1 Qxe3+ 38. Kb2 38... Ne2 $19)
33... Rxg3 (33... Nf3+ 34. Kd1 Qf1+ 35. Kc2 Qxf2+ 36. Kb3 Rxg3 37. Rb2 Nd4+ 38.
Ka3 Nb5+ 39. Kb4 Nxc3 40. Rxf2 Rgxd3 41. Rh2 $19) 34. fxg3 Qxg3+ 35. Kd2 Nb5 (
35... Qf4+ 36. Ne3 Qf2+ 37. Kc1 Qxe3+ 38. Kb2 $19) 36. Qc2 (36. Rxb5 cxb5 37.
Nxe5 Qxe5 38. Qxe5 38... fxe5 $19) 36... Qf4+ 37. Ke1 Rg8 (37... Rg8 38. Qf2
38... Bf3 $19) (37... Na3 $1 $142 38. Qf2 Nxb1 39. Qxf4 exf4 40. Bxb1 Rd1+ 41.
Kf2 41... Rxb1 $19) 0-1